000 00450nam a2200157 i 4500
001 129310
003 ES-MaACL
007 t|
008 070612s1983 sp ||||1| spa d
100 1 _aTempleton, W.
_9109673
245 1 0 _aQuímica orgánica /
_cW. Templeton ; [traducido por E. Cadenas].
260 _aMadrid :
_bParaninfo,
_c1983.
300 _a403 p. ;
_c19 cm.
700 1 _aCadenas, Eduardo.
_933381
852 _aES-MaACL
_jL-4714
_bR.104874
999 _c129310
_d129310